All Troye Sivan Songs (July 2025) - Statistics

General Stats
  • This quiz has been taken 11 times
  • The average score is 21 of 81
Answer Stats
Hint Answer % Correct
2023 Rush
100%
Rush (feat. PinkPantheress & Hyunjin of Stray Kids)
100%
Bloom
83%
2018 Bloom - Recorded At Spotify Studios NYC
83%
2021 You (with Regard & Tate McRae)
83%
Honey
67%
IN A DREAM
67%
One Of Your Girls
67%
Silly
67%
What's The Time Where You Are?
67%
2015 WILD
67%
WILD (feat. Alessia Cara)
67%
1999 (with Charli XCX)
50%
Got Me Started
50%
My My My!
50%
2024 Talk talk (with Charli XCX)
50%
2019 2099 (with Charli XCX)
33%
Animal
33%
Easy
33%
2020 Easy (feat. Kacey Musgraves & Mark Ronson)
33%
FOOLS
33%
HEAVEN (feat. Betty Who)
33%
In My Room (feat. Guitarricadelafuente)
33%
Plum
33%
Seventeen
33%
Still Got It
33%
Still Got It - Live from Spotify Green Screen
33%
Strawberries & Cigarettes
33%
STUD
33%
2020 Take Yourself Home
33%
The Good Side
33%
What A Heavenly Way To Die
33%
You Know What I Need (with PNAU)
33%
10/10
17%
Angel Baby
17%
BLUE (feat. Alex Hope)
17%
Can't Go Back, Baby
17%
Dance To This (feat. Ariana Grande)
17%
DKLA (feat. Tkay Maidza)
17%
EASE (feat. BROODS)
17%
Fun
17%
Gasoline
17%
2014 Happy Little Pill
17%
How To Stay With You
17%
i'm so tired... (feat. Lauv)
17%
2012 June Haverly
17%
LOST BOY
17%
Lucky Strike
17%
Papercut (with Zedd)
17%
Postcard (feat. Gordi)
17%
Rager teenager!
17%
SUBURBIA
17%
supernatural - remix (with Ariana Grande)
17%
TALK ME DOWN
17%
2013 The Fault in Our Stars
17%
THE QUIET
17%
2017 There for You (with Martin Garrix)
17%
Touch
17%
Wait (feat. Gordi)
17%
YOUTH
17%
Better Now - Recorded At Spotify Studios NYC
0%
Better Place (Family Harmony) (with Justin Timberlake, Eric Andre, Daveed Diggs, Kid Cudi, Anna Kendrick & Camila Cabello)
0%
Better Place (Reunion) (with *NSYNC, Eric Andre, Daveed Diggs & Kid Cudi)
0%
BITE
0%
COOL
0%
could cry just thinkin about you
0%
Family (with Justin Timberlake, Anna Kendrick, Camila Cabello, Eric Andre, Daveed Diggs & Kid Cudi)
0%
for him. (feat. Allday)
0%
Glittery (with Kacey Musgraves)
0%
Lonely People
0%
Love Me Wrong (with Allie X)
0%
Make You Love Me
0%
midsummer pipe dream (with Guitarricadelafuente)
0%
My Sweet Lord
0%
Perfect (with Justin Timberlake, Eric Andre, Daveed Diggs & Kid Cudi)
0%
2025 Physical (with Dua Lipa)
0%
She's 22
0%
Somebody To Love
0%
The Falt In Our Stars (MMXIV)
0%
TOO GOOD
0%
2022 Trouble (feat. Jay Som)
0%
No matching quizzes found
Score Distribution
Percent of People with Each Score
Percentile by Number Answered
Your Score History
You have not taken this quiz